000
00421nam a2200133Ia 4500
008
100328s9999 xx 000 0 und d
082
_b
40681
100
_a
धुरी विरेंद्र ह.
245
_a
सागरा तुझ्या आड
260
_b
सुलेखा
630
_a
सागरा तुझ्या आड
730
_a
सागरा तुझ्या आड
942
_c
BOOK
999
_c
529390
_d
529387